Score 0/32 Timer 05:00
0 Plays Today
Shows Network % Correct
Castle, The View, America's Funniest Home VideosABC
93.2%
Community, Chuck, The Biggest LoserNBC
90%
Big Time Rush, Dora the Explorer,
The Fairly Oddparents
Nickelodeon
88.8%
Hell's Kitchen, Bones, 24FOX
88%
The Good Wife, The Mentalist,
How I Met Your Mother
CBS
85.9%
Wizards of Waverly Place, Handy Manny,
Suite Life on Deck
Disney Channel
83.3%
True Life, Snooki & JWoww, AwkwardMTV
75.4%
Deadliest Catch, MythBusters, Dual SurvivalDiscovery
74.1%
Big Love, True Blood, Game of ThronesHBO
73.4%
The Colbert Report, Chappelle's Show, Tosh.0Comedy Central
72.4%
Barefoot Contessa, Chopped, Ace of CakesFood Network
71.2%
Piers Morgan Tonight, Larry King Live,
The Situation Room with Wolf Blitzer
CNN
70.4%
Pawn Stars, Modern Marvels, Ancient DiscoveriesHistory Channel
68.7%
The Surreal Life, Celebrity Rehab, Behind the MusicVH1
66.4%
Cake Boss, Toddlers and Tiaras,
Say Yes to the Dress
TLC
65.7%
Pretty Little Liars, Switched at Birth,
The Secret Life of the American Teenager
Freeform
64.6%
Shows Network % Correct
Chelsea Lately, Keeping Up With the Kardashians, KendraE!
63.6%
Psych, White Collar, Burn NoticeUSA
59.1%
History Detectives, Antiques Roadshow, Masterpiece Mystery!PBS
58.8%
Flipping Out, The Rachel Zoe Project,
The Real Housewives of New Jersey
Bravo
58.5%
Monsters Inside Me, Animal Face-Off, Whale WarsAnimal Planet
56%
Fact or Faked: Paranormal Files,
Warehouse 13, Scare Tactics
Syfy
52.3%
Man v. Food, Samantha Brown, Meet the NativesTravel Channel
52.1%
90210, Supernatural, America's Next Top ModelThe CW
51.8%
The Mo'Nique Show, Reed Between the Lines, The Family CrewsBET
47.8%
Mystery Diagnosis, Our America with Lisa Ling,
Oprah's Next Chapter
OWN
45.5%
Intervention, Dog the Bounty Hunter,
Gene Simmons Family Jewels
A&E
45.1%
Deadliest Warrior, Auction Hunters,
1000 Ways to Die
Spike
41%
Happily Divorced, The Soul Man, Hot in ClevelandTV Land
40.7%
Chain Reaction, The American Bible Challenge, BaggageGSN
35.7%
America's Most Wanted, Drop Dead Diva,
Army Wives
Lifetime
35.5%
Chowder, Total Drama World Tour, Camp LazloCartoon Network
31.6%

You're not logged in!

Compare scores with friends on all Sporcle quizzes.
OR
Log In

Sporcle TV

Today on Sporcle TV


Watch our educational content, quiz creation guides, and fun videos on Sporcle TV.

Show Comments

Extras

Top Quizzes Today


Score Distribution

Paid Content

Your Account Isn't Verified!

In order to create a playlist on Sporcle, you need to verify the email address you used during registration. Go to your Sporcle Settings to finish the process.

Report this User

Report this user for behavior that violates our Community Guidelines.

Details: